000 01250cam a22003497a 4500
003 CHAP
005 20220329142341.0
008 000906d2000 mx r 00110 spa d
010 _a82180
011 _a83152
035 _a93662
040 _cCHAP
090 _aTesis
100 0 0 _aTapia Mariano, Luz María.
_9111637
245 1 0 _aDías control en campo de Spinosad contra la palomilla dorso de diamante en brócoli en Celaya, Gto., México
_c/por Luz María Tapia Mariano
260 _aChapingo, Méx. :
_bEl autor,
_c2000.
300 _a49 h.
502 _aTesis (Ing. Agr. Esp. en Parasitología Agrícola) -- UACH. Departamento de Parasitología Agrícola
590 _aALEPH
_b10
_c20130110
_lUCH01
_h1437
590 _aBATCH-UPD
_b10
_c20130110
_lUCH01
_h0559
590 _aBATCH-UPD
_b10
_c20130410
_lUCH01
_h0240
590 _aBATCH-UPD
_b10
_c20130914
_lUCH01
_h0751
590 _aCONVERSION
_b10
_c20130109
_lUCH01
_h1346
650 1 4 _aBrócoli
_xPlagas
_xControl.
_915547
650 1 4 _aInsecticidas.
_958855
650 1 4 _aPlutella xylostella.
_989328
901 _aBK
905 _aLilia Sánchez G.
942 _cFOLL
949 _bBC
_cTES
_d33724000788535
_eTS2
_fc.2
_h36799
_i93662
_si
949 _bBC
_cTES
_d936621
_eTS1
_h36798
_i93662
_sb
999 _c82180
_d82180